Normal view
MARC view
Entry Personal Name
001 - CONTROL NUMBER
- control field: 11703
003 - CONTROL NUMBER IDENTIFIER
- control field: ARRUPE
005 - DATE AND TIME OF LATEST TRANSACTION
- control field: 20140925134746.0
008 - FIXED-LENGTH DATA ELEMENTS
- fixed length control field: 140925|| aca||aabn | a|a d
040 ## - CATALOGING SOURCE
- Original cataloging agency: ARRUPE
- Transcribing agency: ARRUPE
100 ## - HEADING--PERSONAL NAME
- Personal name: Patrick,
- Titles and other words associated with a name: Saint,
- Dates associated with a name: 373?-463?
670 ## - SOURCE DATA FOUND
- Source citation: Work cat.: (ARRUPE)0: Patrick, Saint, 373?-463? 11702, Patrick in his own words., [1972]